书目信息 |
| 题名: |
世界名人传记:希特勒
|
|
| 作者: | 胡其鼎 著 | |
| 分册: | ||
| 出版信息: | 杭州 浙江人民出版社 1997.01 |
|
| 页数: | 269页 | |
| 开本: | 32开 | |
| 丛书名: | ||
| 单 册: | ||
| 中图分类: | K835.167 | |
| 科图分类: | ||
| 主题词: | 历史 , 地理 | |
| 电子资源: | ||
| ISBN: | 7-213-01367-X | |
| 000 | 00573nam0 2200205 45 | |
| 001 | 0011021535 | |
| 005 | 20001102153424.7 | |
| 010 | @a7-213-01367-X@d15.00元 | |
| 100 | @a20001102d1997 km y0chiy0120 ea | |
| 101 | 0 | @achi |
| 105 | @a z 000yy | |
| 200 | 1 | @a世界名人传记:希特勒@AShi Jie Ming Ren Zhuan Ji:Xi Te Le@f胡其鼎著@FHu Qi Ding Zhu |
| 210 | @a杭州@c浙江人民出版社@d1997.01 | |
| 215 | @a269页@d32开 | |
| 606 | 0 | @a历史 |
| 606 | 0 | @a地理 |
| 690 | @aK835.167@v3 | |
| 701 | 0 | @a胡其鼎@4著 |
| 801 | @aCN@bPftUser@c20001102 | |
| 905 | @b196263-264@dK835.167@eH172@f2 | |
| 世界名人传记:希特勒/胡其鼎著.-杭州:浙江人民出版社,1997.01 |
| 269页;32开 |
| ISBN 7-213-01367-X:15.00元 |
| ● |
| 相关链接 |
|
|
|
正题名:世界名人传记:希特勒
索取号:K835.167/H172
 
预约/预借
| 序号 | 登录号 | 条形码 | 馆藏地/架位号 | 状态 | 备注 |
| 1 | 196263 | 201962634 | 社科库309/309社科库 100排4列4层/ [索取号:K835.167/H172] | 在馆 | |
| 2 | 196264 | 201962643 | 社科库309/309社科库 100排4列4层/ [索取号:K835.167/H172] | 在馆 |